000
00328 a2200109 4500
001
ART_7773
005
20260410161637.0
008
260409a
245
1
0
_a
La no discriminación y sus implicancias fiscales
100
1
_a
Edelstein, Andrés M.
773
0
_t
Consultor tributario
_g
- Nº 8 (oct. 2007)
_w
REV474
999
_c
13021
_d
13021